| 000 | 00636nam a2200193Ia 4500 | ||
|---|---|---|---|
| 003 | GCL | ||
| 008 | 140319s9999 xx 000 0 ara d | ||
| 040 |
_aGCL / _cGCL |
||
| 082 | 0 | 4 |
_a822.008 _bا ص |
| 100 | 1 | _aطه محمود طه (مراجعه) | |
| 245 | 1 | 0 |
_aالسكين الكبير / _cطه محمود طه (مراجعه) |
| 700 | 1 | _aاوديتس، كلفورد | |
| 700 | 1 | _aمورترام, اريك | |
| 300 | _a176 ص | ||
| 490 |
_aمن المسرح العالمى _v0 |
||
| 650 | 0 | 4 | _aالادب الانجليزى المترجم |
| 650 | 0 | 4 | _aالمسرحيات الانجليزية المترجمة |
| 942 |
_2ddc _cBK |
||
| 999 |
_c47055 _d47055 |
||